Statystyki dla Największe miasta w województwie opolskim

Kliknij tutaj aby rozwiązać quiz!

Ogólne statystyki

  • Ten quiz został rozwiązany 285 razy
  • Średni wynik to 10 z 20

Statystyki odpowiedzi

LpPopulacjaOdpowiedź% Poprawnych
1128,208Opole
99%
260,852Kędzierzyn-Koźle
89%
343,849Nysa
86%
435,890Brzeg
76%
523,554Kluczbork
74%
717,900Strzelce Opolskie
70%
916,551Namysłów
66%
621,041Prudnik
66%
816,301Krapkowice
58%
1112,552Głubczyce
55%
1013,534Głuchołazy
55%
139,374Olesno
52%
177,460Paczków
33%
206,581Otmuchów
28%
148,657Ozimek
26%
196,682Gogolin
25%
167,655Praszka
24%
158,595Grodków
23%
1211,455Zdzieszowice
23%
187,135Zawadzkie
20%

Rozkład punktacji

Percentyl według liczby udzielonych odpowiedzi

Procent ludzi z każdym wynikiem

Twoja historia wyników

Nie rozwiązałeś tego quizu